La bande dessinée XIII - Statistiques

Statistiques générales
  • Ce quiz a été pris 51 fois
  • Le résultat moyen est 12 sur 26
Statistiques - réponses
Année Titres % Correct
1984 Le jour du soleil noir
98%
1985 Là où va l'Indien
88%
1987 SPADS
79%
1988 Rouge total
67%
1986 Toutes les larmes de l'enfer
67%
1994 El Cascador
60%
2002 Lâchez les chiens
56%
2007 La version irlandaise
56%
1992 Pour Maria
56%
1990 Le dossier Jason Fly
51%
2005 L'or de Maximilien
51%
1990 La nuit du 3 août
49%
1991 Treize contre un
49%
1995 Trois montres d'argent
49%
2007 Le dernier round
44%
1997 Le jugement
44%
2011 Le jour du Mayflower
37%
2004 Opération Montecristo
33%
2013 Retour à Greenfalls
28%
2000 Secret défense
21%
1999 The XIII mystery: l'enquête
21%
2012 L'appât
16%
2016 L'héritage de Jason Mac Lane
12%
2014 Le message du martyr
9%
2019 2132 mètres
7%
2019 The XIII History
7%
Aucun quiz correspondant
Distribution des résultats
% des personnes avec chaque résultat
Percentile par nombre de réponses
Votre historique - résultats
Vous n’avez pas pris ce quiz